| 000 | 00571nam a2200229Ia 4500 | ||
|---|---|---|---|
| 003 | OSt | ||
| 005 | 20220928104211.0 | ||
| 006 | a|||||r|||| 00| 0 | ||
| 007 | ta | ||
| 008 | 220927b |||||||| |||| 00| 0 eng d | ||
| 024 | _a74545 | ||
| 037 | _cTextual | ||
| 040 |
_aSDCL _cSDCL _beng |
||
| 041 |
_2eng _aeng |
||
| 082 | _aO-,2N302x, K4 | ||
| 100 |
_aArden John _9409576 |
||
| 245 | 0 | _aThree plays | |
| 260 |
_aEngland _bPenguin Bks _c1964 |
||
| 300 |
_a272p _ccm. |
||
| 942 |
_hO-,2N302x, K4 _cTEXL _2CC |
||
| 999 |
_c725147 _d725147 |
||